| 000 | 00514nam a2200181Ia 4500 | ||
|---|---|---|---|
| 999 |
_c1731 _d1731 |
||
| 003 | OSt | ||
| 005 | 20200928124040.0 | ||
| 008 | 190216s9999||||xx |||||||||||||| ||und|| | ||
| 020 | _a9788180302053 | ||
| 040 | _coclc | ||
| 082 |
_a581.6 _bSIN/E |
||
| 100 |
_aSingh, S K _94459 |
||
| 245 | 0 |
_aEconomic Botany / _cS K Singh ; Seema Srivastava |
|
| 260 |
_bCampus Books International, _aNew Delhi: _c2009. |
||
| 300 | _a320p | ||
| 650 | _aBotany | ||
| 942 |
_cBK _2ddc _h581.6 _iSIN/E _k581.6 _mSIN/E |
||